000
00308nam a2200121Ia 4500
008
220204s9999 xx 000 0 und d
082
_a
334.4
_b
RED
100
_a
REDDY, C R
245
0
_a
Cooperative agricultural finance
260
_a
Allahabad
_b
Chugh pub
_c
1988
650
_a
Cooperative credit
942
_c
BK
999
_c
39500
_d
39500